<?xml version="1.0" encoding="UTF-8"?>
<marc:record xmlns:marc="http://www.loc.gov/MARC21/slim">
   <marc:leader>00000nam a2200000 a 4500</marc:leader>
   <marc:datafield ind1="1" ind2=" " tag="100">
      <marc:subfield code="a">Figdor, Helmuth</marc:subfield>
      <marc:subfield code="4">aut</marc:subfield>
      <marc:subfield code="e">Verfasser/-in</marc:subfield>
   </marc:datafield>
   <marc:datafield ind1="0" ind2="0" tag="245">
      <marc:subfield code="a">Praxis der psychoanalytischen Pädagogik</marc:subfield>
   </marc:datafield>
   <marc:datafield ind1="0" ind2="0" tag="245">
      <marc:subfield code="c">Helmuth Figdor</marc:subfield>
   </marc:datafield>
   <marc:datafield ind1=" " ind2="1" tag="264">
      <marc:subfield code="a">Gießen</marc:subfield>
      <marc:subfield code="b">Psychosozial-Verl.</marc:subfield>
      <marc:subfield code="c">2006</marc:subfield>
   </marc:datafield>
   <marc:datafield ind1="1" ind2=" " tag="490">
      <marc:subfield code="a">Psychoanalytische Pädagogik</marc:subfield>
      <marc:subfield code="v">Bd. 21</marc:subfield>
   </marc:datafield>
   <marc:datafield ind1="1" ind2=" " tag="520">
      <marc:subfield code="a">Angaben aus der Verlagsmeldung

Praxis der psychoanalytischen Pädagogik I : Vorträge und Aufsätze / von Helmuth Figdor

In 12 Vorträgen und Aufsätzen demonstriert Helmuth Figdor, wie der schwierige Balanceakt zwischen gesellschaftlichen Anpassungsforderungen, den Wünschen der Kinder und ihren langfristigen Entwicklungsinteressen in der Praxis gelingen kann. Obwohl das Buch von der pädagogischen Praxis handelt, bildet es zugleich einen wichtigen theoretischen Beitrag zur Psychoanalytischen Pädagogik: demonstriert Figdor doch, wie sich Kulturkritik, psychoanalytisches Verstehen und pädagogische Orientierung in wirksamer Praxis verwirklichen lassen.
Nach der Lektüre dieses Buches werden Sie Ihre Kinder anders wahrnehmen. Sie werden verstehen, was Ihnen bislang ein Rätsel war – und zwar nicht nur am Verhalten der Kinder, sondern auch an den eigenen Reaktionen. Ein pädagogisches Aufklärungsbuch (im besten Sinne des Wortes), ein Muss für Eltern, Erzieherinnen Sozialpädagogen/innen, Lehrer/innen, aber auch für Familientherapeut/innen, Lebens- und Erziehungsberater/innen, Erziehungswissenschaftler/innen und Studierende.
Die Themen lesen sich wie ein A–Z pädagogischer Alltagsprobleme: Aggression, Beratung, Gewalt, Kindergarten, Krankheit, Missbrauch, Schule, Sexualität, Trennung bzw. Scheidung und Verhaltensstörung.
</marc:subfield>
   </marc:datafield>
   <marc:datafield ind1=" " ind2=" " tag="020">
      <marc:subfield code="a">9783898065115</marc:subfield>
      <marc:subfield code="9">9783898065115</marc:subfield>
   </marc:datafield>
   <marc:datafield ind1=" " ind2=" " tag="020">
      <marc:subfield code="a">3898065111</marc:subfield>
      <marc:subfield code="9">3898065111</marc:subfield>
   </marc:datafield>
   <marc:datafield ind1=" " ind2=" " tag="041">
      <marc:subfield code="a">ger</marc:subfield>
   </marc:datafield>
   <marc:datafield ind1=" " ind2=" " tag="300">
      <marc:subfield code="a">199 S.</marc:subfield>
   </marc:datafield>
</marc:record>
